000
00322nam a22001457a 4500
008
210430b ||||| |||| 00| 0 eng d
020
_a
9780742512030
041
_a
eng
080
_a
32
082
_a
32
100
_a
19
101
_a
SHP
245
_a
Varieties of Feminist Liberalism
_c
Amy R. Baehr
942
_2
udc
_c
BK
999
_c
57069
_d
57069